| 000 | 00642nam a2200253Ia 4500 | ||
|---|---|---|---|
| 003 | OSt | ||
| 005 | 20221007075604.0 | ||
| 006 | a|||||r|||| 00| 0 | ||
| 007 | ta | ||
| 008 | 221006b |||||||| |||| 00| 0 eng d | ||
| 020 |
_a8170490685 _cRs. 2200/- (Set) |
||
| 024 | _a9,032 | ||
| 037 | _cTextual | ||
| 040 |
_aFLL _cFLL _beng |
||
| 041 |
_2eng _aeng |
||
| 082 | _aW:5, P4.1 | ||
| 100 | _aSubramanian S. | ||
| 245 | 0 | _aHuman rights | |
| 260 |
_aNew Delhi _bManas Publications India _c2004 |
||
| 300 |
_axiii,325p _ccm. |
||
| 490 | _v1 | ||
| 942 |
_hW:5, P4.1 _cTEXL _2CC |
||
| 999 |
_c1156658 _d1156658 |
||